S Mattom chodil do škôlky i do školy prešovčan Peter Beňa pred finále play-off volejbalistov proti svojmu bývalému klubu z Humenného

Bibliographic Details
Main Authors: Kubiš, Pavol (Author, Interviewer), Beňa, Peter, 1978- (Author)
Format: Article
Language:Slovak
PhysicalDescription:Fotogr.
ISSN:0139-7001
Subjects:

MARC

LEADER 00000nab a2200000 ar4500
001 vtls010087560
003 SK-MaSNL
005 20260303192603.0
008 100422c20100408xo dr|n|||||||000 b|slo
015 |a SNBRB2010/04  |2 snkbucl 
038 |a SNKBUCL 
040 |a SNKBUCL  |b slo  |c SNKBUCL  |e AACR2 
041 0 |a slo 
044 |a xo  |c SK 
080 |a 796.325.071  |2 2001 
080 |a 929 Beňa, Peter  |2 2001 
100 1 |a Kubiš, Pavol  |4 ivr  |4 aut  |9 219206 
245 1 0 |a S Mattom chodil do škôlky i do školy  |b prešovčan Peter Beňa pred finále play-off volejbalistov proti svojmu bývalému klubu z Humenného  |c [zhováral sa] Pavol Kubiš 
300 |b Fotogr. 
600 1 7 |a Beňa, Peter,  |d 1978-  |2 snkbucl  |9 202468 
650 0 7 |a volejbal  |2 snkbucl  |9 3294 
655 7 |a rozhovory  |2 snkbucl  |9 31831 
700 1 |a Beňa, Peter,  |d 1978-  |4 ive  |4 aut  |9 202468 
773 0 |t Šport  |g Roč. 64, č. 80 (8.4.2010), s. 29  |x 0139-7001 
852 |a SNK  |b KIS3GCP 
958 |a BX 
999 |c 2147213  |d 2149143